000 00842cad a22001935a 4500
001 E151957
008 110117n xxk f 000 0 eng d
035 _a(Sirsi) u151957
041 0 _aeng
110 2 _aCouncil of Mortgage Lenders
_95903
245 0 0 _aCML disclosure of incentives form
_h[electronic resource]
260 _a[S.l.]
_bCML
_c[200?]
520 _aForm to be completed by the seller of a property which has yet to be occupied for the first time, or, in the case of conversions or renovations, for the first time in its current form.
590 _aKA
651 4 _aEngland and Wales
_y1543-
690 _aPROPERTY-ACQUISITION AND DISPOSAL OF PROPERTY
856 4 0 _uhttps://www.rics.org/site/scripts/download_info.aspx?fileID=5381&categoryID=361
_zView the form free of charge (member-only content) at www.rics.org
942 _n0
999 _c111758
_d111758